Workshop Practice-1/ (Record no. 191673)

MARC details
000 -LEADER
fixed length control field 00607nam a22001817a 4500
005 - DATE AND TIME OF LATEST TRANSACTION
control field 20250625124935.0
010 ## - LCCN (DPL NO)
LC control number ENG-134822 ENG -145571
020 ## - INTERNATIONAL STANDARD BOOK NUMBER
Terms of availability 495.00
International Standard Book Number 9789382968344
035 ## - SYSTEM CONTROL NUMBER
System control number EN-118354 EN- 129103
037 ## - SOURCE OF ACQUISITION
Source of stock number/acquisition DBAD
082 ## - DEWEY DECIMAL CLASSIFICATION NUMBER
Classification number 621.9
100 ## - MAIN ENTRY--PERSONAL NAME
Personal name Yadav, Dharampal
245 ## - TITLE STATEMENT
Title Workshop Practice-1/
Statement of responsibility, etc Dharampal yadav and Pradeep Kumar
260 ## - PUBLICATION, DISTRIBUTION, ETC. (IMPRINT)
Place of publication, distribution, etc New Delhi
Name of publisher, distributor, etc Avni publications
Date of publication, distribution, etc 2019
270 ## - ADDRESS
Address RZ-45D gali no. 2, sagarpur
City New Delhi
Postal code 09891896481, 9891896483
Electronic mail address avnipublications@gmail.com
300 ## - PHYSICAL DESCRIPTION
Extent 136 p.
Dimensions 28m (hb)
942 ## - ADDED ENTRY ELEMENTS (KOHA)
Source of classification or shelving scheme Dewey Decimal Classification
Item type English Books
Classification part 621.9
Call number suffix YAD
Holdings
Withdrawn status Lost status Not for loan Collection code Home library Current library Date acquired Source of acquisition Cost, normal purchase price Full call number Barcode Copy number Cost, replacement price Koha item type
    Not For Loan Non-fiction D.B.Act.Division D.B.Act.Division 31/08/2022 DBAD/PUB 495.00 521.902 YAD EN-118354 1 495.00 English Books
      Non-fiction Mobile Library Mobile Library 19/02/2025 DBAD 495.00 621.9 YAD EN-129103 1 495.00 English Books

© Delhi Public Library
Hit Counter
free hit counter